| 000 | 01530nam a2200337Ia 4500 | ||
|---|---|---|---|
| 999 |
_c53658 _d53658 |
||
| 001 | 20705 | ||
| 003 | GE_BSU | ||
| 005 | 20210306013241.0 | ||
| 008 | 181216s2017||||xx |||||||||||||| ||eng|| | ||
| 020 | _a9780323299879 | ||
| 040 | _cGE_BSU | ||
| 041 | _aeng. | ||
| 080 | _a617.55-089 | ||
| 245 |
_aSabiston textbook of surgery : _bthe biological basis of modern surgical practic / _cJr Courtney M. Townsend, R. Daniel Beauchamp, B. Mark Evers, Kenneth L.Mattox ; Edited by Jr Courtney M. Townsend. |
||
| 250 | _a20th edition | ||
| 264 |
_aPhiladelphia : _bElsevier, _c2017. |
||
| 300 | _a2146 p. 29cm. | ||
| 541 | _h421 Gel. | ||
| 653 | _aSabiston textbook of surgery | ||
| 653 | _a the biological basis of modern surgical practic | ||
| 653 | _aСабистонский учебник хирургии | ||
| 653 | _aбиологическая основа современной хирургической практики | ||
| 653 | _aმედიცინა | ||
| 653 | _aსაბისტონის სამკურნალო სახელმძღვანელო | ||
| 653 | _aთანამედროვე ქირურგიული პრაქტიკის ბიოლოგიური საფუძველი | ||
| 700 |
_aTownsend, Jr Courtney M. _eBy _910360 |
||
| 700 |
_aBeauchamp, R. Daniel _eBy _910361 |
||
| 700 |
_a Evers, B. Mark _eBy _910362 |
||
| 700 |
_aMattox, Kenneth L. _eBy _910363 |
||
| 942 |
_cBK _2udc |
||